000 00752nam a2200289 a 4500
001 UByD002516
003 AR-LpoUNG
005 20240311153033.0
008 240311s1998|||| uk|||||||||||||||||eng d
020 _a9780140513424
040 _aAR-LpoUNG
_bspa
_eaacr
041 _aeng
044 _auk
082 0 _aR510 424pen
100 1 _aNelson, David
_eed.
245 1 4 _aThe Penguin dictionary of mathematics
250 _a2da. ed.
260 _aLondon :
_bPenguin,
_c1998.
300 _a461 p. :
_bgráfs., tbls.
505 2 _aIncluye apéndice de abreviaturas y símbolos.
650 4 _aMATEMATICAS
650 4 _aDICCIONARIOS
650 4 _aMATERIAL DE REFERENCIA
650 4 _aTERMINOLOGIA
905 _a5294
942 _cLSALA
_2ddc
999 _c65040
_d65040